Famous Irish People by Picture - Statistics

General Stats
  • This quiz has been taken 290 times
  • The average score is 10 of 20
Answer Stats
Picture Answer % Correct
Bono
88%
Pierce Brosnan
80%
Sinéad O’Connor
80%
Cillian Murphy
77%
Oscar Wilde
74%
Conor McGregor
67%
Graham Norton
60%
Saoirse Ronan
57%
Colin Farrell
56%
Niall Horan
51%
Enya
47%
James Joyce
46%
Roy Keane
42%
Bob Geldof
39%
Dolores O’Riordan
33%
Katie Taylor
21%
Michael Collins
21%
Maureen O’Hara
18%
Ed Byrne
16%
Ernest Shackleton
2%
No matching quizzes found
Score Distribution
Percent of People with Each Score
Percentile by Number Answered
Your Score History
You have not taken this quiz